La enseñanza de la lengua en el nivel inicial: modelo para armar
Uloženo v:
| Hlavní autor: | |
|---|---|
| Médium: | Kniha |
| Jazyk: | španělština |
| Vydáno: |
Santa Fe
Homo Sapiens
2001
|
| Témata: | |
| Tagy: |
Přidat tag
Žádné tagy, Buďte první, kdo vytvoří štítek k tomuto záznamu!
|
MARC
| LEADER | 00000nam a2200000 a 4500 | ||
|---|---|---|---|
| 001 | UCL0181 | ||
| 003 | CL-VaPUC | ||
| 008 | 030627e20010000AG |||||||||||||||||spa|d | ||
| 082 | 0 | 4 | |a 372.6 |b PER |2 21 |
| 100 | 0 | |a Pereyra, Beatriz |e author |9 476964 | |
| 245 | 1 | 3 | |a La enseñanza de la lengua en el nivel inicial: modelo para armar |
| 246 | 1 | 0 | |a Experiencias didácticas articuladas, institutos de formación docente-maestros-alumnos |
| 300 | |a 161 p | ||
| 942 | |c BK | ||
| 945 | |d 20030627 00:00:00 |a cmena | ||
| 260 | |a Santa Fe |b Homo Sapiens |c 2001 | ||
| 650 | 0 | |a Educación lingüística |9 306506 | |
| 650 | 0 | |a Métodos de enseñanza |9 270413 | |
| 650 | 0 | |a Educación básica |9 224933 | |
| 650 | 0 | |a Planificación del currículo |9 269599 | |
| 583 | |a last modification |c 20030627 00:00:00 |k Rodrigo Vera | ||
| 999 | |c 304199 |d 304197 | ||
| 952 | |0 0 |1 0 |4 0 |6 372_600000000000000_PER_2001 |7 0 |8 A |9 366088 |a BIBEDU |b BIBEDU |c ES_NOD |d 2019-11-21 |i 3918408 |o 372.6 PER 2001 |p 3918408 |r 2023-08-09 |w 2019-11-21 |y BK |k EPE | ||